Normal view MARC view
  • JAIN DR. BRIJENDRA BRAJMOHAN, & TRIVEDI, DR. NAITIK. D. AND SINGH, PRIYANKA

Entry Personal Name

Number of records used in: 1

001 - CONTROL NUMBER

  • control field: 8523

003 - CONTROL NUMBER IDENTIFIER

  • control field: JRU

005 - DATE AND TIME OF LATEST TRANSACTION

  • control field: 20240918123111.0

008 - FIXED-LENGTH DATA ELEMENTS

  • fixed length control field: 240918|| aca||aabn | a|a d

040 ## - CATALOGING SOURCE

  • Original cataloging agency: JRU
  • Transcribing agency: JRU

100 ## - HEADING--PERSONAL NAME

  • Personal name: JAIN DR. BRIJENDRA BRAJMOHAN, & TRIVEDI, DR. NAITIK. D. AND SINGH, PRIYANKA

670 ## - SOURCE DATA FOUND

  • Source citation: Work cat.: (JRU)8652: JAIN DR. BRIJENDRA BRAJMOHAN, & TRIVEDI, DR. NAITIK. D. AND SINGH, PRIYANKA , PATHOPHYSIOLOGY [ B.PHARMA, 2ND. SEMESTER]